000 00257nam a22001097a 4500
082 _aSHA
100 _aShaikh, Wajid Ali
245 _aIntroduction to Computer and C++ Programming
260 _aHyderabad:
_bSalam Printers,
300 _a183p. ;
942 _cBK
999 _c57349
_d57346